000 00657nam a22002177a 4500
003 UA-OsUOA
001 74041
007 ta
008 20110324b un ||||| |||| 00| 0 ukr d
100 _aДроздова Н.
090 _a330
_bД75
942 _cSA
040 _aUA-OsUOA
_brus
_cUA-OsUOA
_dUA-OsUOA
245 _aВ поисках новой методологии: сравнительный и исторический институциональный анализ Авнера Грейфа
300 _aС.101-120
955 _a0
041 _arus
080 _a330
773 0 _w74037
650 7 _a330 Економіка взагалі
_2UDC
999 _c360333
_d360333